[Event "Lisbon zt"]
[Site "Lisbon"]
[Date "1993.??.??"]
[Round "7"]
[White "Garcia Paolicchi, Raul"]
[Black "Gomez Esteban, Juan Mario"]
[Result "0-1"]
[WhiteElo "2300"]
[BlackElo "2410"]
[Annotator "Dautov,R"]
[PlyCount "80"]
[EventDate "1993.03.??"]
[EventType "tourn"]
[EventRounds "11"]
[EventCountry "POR"]
[EventCategory "7"]
[SourceTitle "CBM 035"]
[Source "ChessBase"]
[SourceDate "1993.08.01"]
[SourceVersion "1"]
[SourceVersionDate "1993.08.01"]
[SourceQuality "1"]

1. d4 Nf6 2. Nf3 e6 3. c4 b6 4. g3 Ba6 5. b3 Bb7 6. Bg2 Bb4+ 7. Bd2 Be7 8. O-O
O-O 9. Nc3 Na6 10. Bf4 d5 11. cxd5 exd5 12. Qc2 Qc8 13. Rac1 (13. Rfd1 Rd8 14.
Be5 Ne4 15. Qb2 g5 $1 16. Nxe4 dxe4 17. Nd2 f6 18. d5 fxe5 19. Qxe5 Re8 20.
Nxe4 Nc5 21. Nxc5 bxc5 22. Rac1 Qd8 $17 {Ruban-Dautov/Novosibirsk/1989}) 13...
Ba3 14. Rcd1 Be7 15. Rc1 Rd8 16. Be5 (16. Qb2 h6 17. a3 (17. Rfd1 Qe6 18. Ne5
c5 19. Nd3 Ne4 20. Be3 Bf6 $10) 17... c6 18. b4 $14 Nc7 19. Rfd1 Ne6 20. Be3
Qd7 21. Bh3 Bd6 22. Rc2 Qe7 23. Nh4 Qe8 24. Nf3 Ba6 25. a4 Bc4 26. Ne5 b5 27.
Nxc4 bxc4 28. b5 Rab8 $15 {Bewersdorff-Razuvaev/Reykjavik op/1990}) 16... h6 (
16... Ne4 $2 17. Nxe4 dxe4 18. Nd2 $16) (16... c5 17. Rfd1 Qe6 18. Qb2 $14) 17.
Nh4 Qe6 18. Nf5 (18. Qf5 $5 Nd7 (18... Bc8 19. Qf3 c6 20. e4 $13) 19. Qxe6 fxe6
20. Ng6 Ba3 21. Rcd1 Kf7 $10) (18. f4 $6 c5 19. f5 Qc8 $132) 18... Bf8 19. Bh3
$1 (19. Ne3 Ne4 20. Nxe4 dxe4 21. Bxe4 Bxe4 22. Qxe4 f6 23. Qg6 Qf7 24. Qxf7+
Kxf7 25. Bxc7 Rd7 26. Bf4 g5 $17) (19. h3 c5 20. Bxf6 (20. g4 Ne4 $132) 20...
Qxf6 21. dxc5 bxc5 22. Ne3 Nb4 23. Qb1 Qa6 $1 $10) 19... Ne4 20. Nxe4 (20. f3
$5 Nb4 (20... Nxc3 21. Qxc3 Kh7 $2 22. Nd6 Qxh3 23. Nxb7 Rd7 24. Qd3+ $18) 21.
Qb2 Nxc3 (21... Ng5 22. Bg4 h5 $2 23. Nxg7 $18) 22. Rxc3 c5 23. Re3 Qg6 24.
Bxg7 $1 $16) 20... dxe4 21. Kg2 Qe8 22. Qb2 c5 (22... g6 23. Ne3 c5 24. Ng4 $16
) 23. Kg1 $2 (23. dxc5 $1 e3+ 24. f3 Rd2 25. Qc3 f6 (25... g6 26. Nd6 Bxd6 27.
cxd6 Rxe2+ 28. Kg1 $16) (25... Rxe2+ 26. Kg1 Bc8 27. Bxg7 Bxf5 28. Bxf8 Qxf8
29. Bxf5 Nxc5 30. Rfe1 $16) 26. c6 (26. Bxf6 gxf6 27. Qxf6 Rxe2+ 28. Kg1 Qh5) (
26. Qxe3 Rxa2 $10) 26... Bxc6 (26... Qxc6 $2 27. Qxe3 Qd5 28. Bc3 Rxa2 29. Ne7+
$18) 27. Bxf6 gxf6 28. Qxf6 $5 (28. Qxc6 Qxc6 29. Rxc6 Rxe2+ $15) 28... Rxe2+
29. Kg1 Bd5 30. Rce1 $5 $40) 23... f6 24. Bf4 Qh5 25. Kg2 Rd5 26. g4 Qf7 $17 {
ץh3,g4} 27. dxc5 Nxc5 28. Ne3 Rd7 29. Kg1 (29. Rfd1 Rad8 30. Rxd7 Rxd7 31. Rd1
Ne6 32. Bg3 Ng5 $17) 29... Ne6 30. Bg3 Rad8 31. Rfd1 Bc5 32. Rxd7 Rxd7 33. Nf5
$2 (33. Qc3 Bd4 34. Qd2 Be5 35. Qe1 Nf4 36. Bf1 Qg6 $17) 33... e3 $1 34. Nxe3 (
34. f3 Rd2 35. Rc2 Bxf3 36. exf3 e2+ $19) 34... Bxe3 35. fxe3 Ng5 $19 36. Bg2
Bxg2 37. Kxg2 Qd5+ 38. e4 Qxe4+ 39. Kf1 Nh3 40. Rc8+ Kf7 0-1

[Event "Leon"]
[Site "Leon"]
[Date "1993.??.??"]
[Round "3"]
[White "Garcia Ilundain, David"]
[Black "Karpov, Anatoly"]
[Result "1/2-1/2"]
[WhiteElo "2475"]
[BlackElo "2725"]
[Annotator "Dautov,R"]
[PlyCount "89"]
[EventDate "1993.05.??"]
[EventType "tourn"]
[EventRounds "9"]
[EventCountry "ESP"]
[EventCategory "12"]
[SourceTitle "CBM 036"]
[Source "ChessBase"]
[SourceDate "1993.10.01"]
[SourceVersion "1"]
[SourceVersionDate "1993.10.01"]
[SourceQuality "1"]

1. d4 Nf6 2. c4 e6 3. Nf3 b6 4. g3 Ba6 5. b3 Bb7 6. Bg2 Bb4+ 7. Bd2 a5 8. O-O
O-O 9. Qc2 h6 (9... d6 10. a3 (10. Re1 Re8 11. e4 e5 12. Nc3 $14) 10... Bxd2
11. Nbxd2 Nc6 $5 {N} 12. e4 e5 13. d5 Ne7 14. Nb1 (14. b4 $5) 14... Bc8 15. Nc3
Ng4 16. Rae1 Ng6 17. Qd2 (17. Nd2 f5 $132) 17... Bd7 18. a4 $6 h6 19. Nd1 f5
20. exf5 Bxf5 21. Ne3 Nxe3 22. fxe3 Qd7 23. e4 Bg4 24. Qe3 $10 {->Hansen,
LB-Romanishin/Malmo/1993}) 10. a3 Be7 11. Nc3 d5 12. Rfd1 (12. cxd5 exd5 13.
Bf4 Na6 14. Rfd1 Qd7 15. Be5 Rfe8 16. Nh4 Ne4 17. Nxe4 dxe4 18. Bxe4 Bxe4 19.
Qxe4 Bxh4 20. Qxh4 f6 21. Bf4 Rxe2 $13 {Van der Sterren-Piket/Wijk op/1993})
12... Na6 {N} (12... Qc8 $6 13. cxd5 exd5 14. Bf4 Rd8 15. Nh4 $1 Bf8 16. Nf5
$16 {Karpov-Lobron/Baden-Baden/1992}) 13. Bc1 (13. cxd5 exd5 14. Bf4) 13... c5
14. cxd5 exd5 (14... Nxd5 $2 15. dxc5 Nxc5 16. e4 $18) 15. Bb2 Re8 16. Rac1 Bf8
17. e3 Nc7 18. Ne5 $14 cxd4 (18... Ne6 $6 19. dxc5 bxc5 20. Nc4 Re7 21. Nxd5
Nxd5 22. e4 Nec7 23. exd5 Nxd5 24. Qd2 Rd7 25. Bh3 Re7 26. Ne3 $18) 19. exd4
Bd6 (19... Ne6 $5) 20. f4 (20. Nc4 $5 Ne6 (20... dxc4 21. Bxb7 Rb8 22. Bc6 cxb3
23. Qxb3 Re7 24. Nb5 $16) (20... Ra6 21. Re1 Ba8 22. Nxd6 Qxd6 23. Rxe8+ Nfxe8
24. Qe2 Bb7 25. Qe5 $16) 21. Nb5 (21. Nxd6 Qxd6 22. Nb5 Qd7 $132) 21... Bf8 22.
Ne5 Rc8 23. Qf5 $14) (20. Re1 $1 Ne6 21. Nb5 Rc8 22. Qf5 $14) 20... b5 {><c5} (
20... Ne6 $5 21. Nb5 Rc8 22. Qf5 Bb8 $14) 21. Qf5 Bc8 22. Qc2 Bd7 {/\b4} 23.
Nb1 $1 Qc8 (23... Rc8 24. Qd3 $14) 24. Qf2 Bf5 25. Nd2 h5 $6 (25... Ne4 26.
Nxe4 Bxe4 27. Bxe4 dxe4 28. d5 $16) (25... Ng4 26. Qf3 (26. Nxg4 Bxg4 27. Bxd5
$2 Re2 28. Qf1 Nxd5 29. Rxc8+ Rxc8 $17) 26... f6 27. h3 fxe5 28. dxe5 Nxe5 29.
fxe5 Bxe5 30. Bxe5 Rxe5 31. Qf4 Re7 32. Bxd5+ $16) (25... Qb7 26. h3 h5 27.
Ndf3 $6 Ne4 $132 {><g3}) 26. Ndf3 Ne4 27. Qf1 Be7 (27... f6 28. Nh4 $1 fxe5 (
28... Bg4 29. Nxg4 hxg4 30. f5 $16) (28... Bh7 29. Bh3 $16) 29. fxe5 Be6 30.
Bxe4 Bxe5 31. Bg6 Rf8 32. Qe2 $18) 28. Rc6 f6 29. Rdc1 Bd8 30. Nd3 $16 Ra6 31.
Rxa6 Qxa6 32. Nc5 Qc8 (32... Qb6 33. Nh4 Bh7 34. f5 $16) (32... Nxc5 33. dxc5
Be4 34. Nd4 $16) 33. Nh4 Nxc5 (33... Bg4 34. Nxe4 dxe4 35. f5 e3 36. Qd3 e2 37.
Re1 $16 {/\h3}) (33... Bd7 34. Nxd7 Qxd7 35. Bh3 Qf7 36. Bf5 $16) 34. dxc5 (34.
Nxf5 $5 Qxf5 35. dxc5 Re3 36. Bc3 $16) 34... Be4 35. f5 Bxg2 36. Qxg2 (36. Nxg2
$1 Qd7 37. Qf3 Qf7 38. Nf4 $16) 36... Qd7 37. Qf3 Qe7 38. c6 (38. Qxh5 $2 Qe3+
39. Kh1 Qxb3 $132) 38... Qe2 39. Qxe2 Rxe2 40. Bd4 {/\Bb6} Na6 41. Ng2 Re4 42.
Bf2 Bc7 43. Ne3 $6 (43. Nf4 $1 Bxf4 44. gxf4 Rxf4 45. c7 Nxc7 46. Rxc7 Rxf5 47.
Rc5 $16) (43. Rd1 $5 d4 44. Rxd4 $2 (44. Nf4 Bxf4 45. gxf4 $16) (44. Bxd4 $4
Rxd4 45. Rxd4 Bb6 $19) 44... Rxd4 45. Bxd4 Nb8 $10) 43... Rd4 44. Kf1 Rd3 45.
Rd1 (45. Ke2 Rxb3 46. Nxd5 Rxa3 47. Nxc7 Nxc7 48. Bb6 Na8 49. Bd8 a4 $132) (45.
Rd1 Rxd1+ 46. Nxd1 Nb8 47. Nc3 Nxc6 48. Nxd5 Bd6 49. a4 bxa4 50. bxa4 $14)
1/2-1/2

[Event "Rostov on Don"]
[Site "Rostov on Don"]
[Date "1993.??.??"]
[Round "?"]
[White "Epishin, Vladimir"]
[Black "Razuvaev, Yuri S"]
[Result "1-0"]
[WhiteElo "2620"]
[BlackElo "2525"]
[Annotator "Dautov,R"]
[PlyCount "123"]
[EventDate "1993.05.??"]
[EventType "tourn"]
[EventRounds "11"]
[EventCountry "RUS"]
[EventCategory "14"]
[SourceTitle "CBM 036"]
[Source "ChessBase"]
[SourceDate "1993.10.01"]
[SourceVersion "1"]
[SourceVersionDate "1993.10.01"]
[SourceQuality "1"]

1. d4 Nf6 2. c4 e6 3. Nf3 b6 4. g3 Ba6 5. b3 Bb4+ 6. Bd2 Be7 7. Bg2 O-O 8. O-O
d5 9. cxd5 exd5 10. Nc3 Bb7 11. Rc1 Nbd7 12. Bf4 c6 13. Ne5 Bb4 $6 {N} (13...
Nxe5 14. Bxe5 Nd7 15. Bf4 f5 16. Qd3 Kh8 17. Bh3 Bg5 18. e3 g6 19. Bxg5 Qxg5
20. Nb1 (20. b4 $14) 20... Qe7 21. Nd2 a5 22. Qb1 a4 23. b4 a3 24. Rc3 b5 25.
Rb3 Nb6 $13 {Magerramov-Vyzmanavin/Budapest Spring-op/1989}) (13... Re8 14. e4
Nf8 (14... dxe4 15. Nxe4 Nxe5 16. dxe5 Nd5 17. Qg4 $16) 15. exd5 cxd5 16. Bh3
Ba3 17. Rc2 a6 18. Na4 Ne6 19. Bc1 Bd6 {Remis/Epishin-Aseev/URS-ch/1991}) 14.
Bg5 Be7 15. f4 c5 16. e3 (16. Bxf6 Nxf6 $10) (16. Nxd7 Qxd7 17. Bxf6 Bxf6 18.
dxc5 bxc5 19. Nxd5 Bd4+ 20. e3 Bxd5 $10) 16... Re8 17. Qd3 $1 (17. Nxd7 Nxd7
18. Bxe7 Qxe7 $10) 17... cxd4 (17... a6 $2 18. Nxd7 Nxd7 (18... Qxd7 19. Bxf6
Bxf6 20. dxc5 $16) 19. Bxe7 Qxe7 20. Nxd5 $16) 18. exd4 a6 (18... Rc8 19. Bh3
Rc7 20. Nb5 Rxc1 21. Rxc1 a6 22. Nc7 $16) (18... Nf8 19. Bxf6 Bxf6 20. Qf3 $16)
19. Nd1 $1 {<->c,><c6} Ne4 $6 (19... h6 $1 20. Bh4 (20. Bxf6 Nxf6 21. Ne3 Ba3
22. Rc2 Rc8 $132) 20... Ne4 21. Bxe7 Rxe7 22. Ne3 Ndf6 $14) 20. Bxe7 Rxe7 21.
Ne3 Ndf6 22. g4 $1 (22. Nc6 Bxc6 23. Rxc6 Qe8 $1 24. Nf5 Re6 25. Rc7 Nd6 26.
Nxd6 Rxd6 $132) 22... Nd6 (22... h6 23. h4) 23. g5 Nfe4 24. Nc6 $1 Bxc6 25.
Rxc6 $16 {><d5} Nb5 26. Rfc1 g6 27. a4 Na7 (27... Nc7 28. Rxb6 Ne6 29. Nxd5
Qxd5 30. Bxe4 $16) 28. R6c2 $6 (28. Rxb6 $1 Qxb6 (28... a5 $142 $16) 29. Nxd5
Qd6 30. Nxe7+ Qxe7 31. Qxe4 $18) 28... Qd6 (28... a5 29. Ng4 $40 {/\Be4}) 29.
Qxa6 Rd8 (29... Nf6 30. gxf6 Rxe3 31. Rc7 $16) 30. Qf1 b5 31. Ng4 (31. axb5 Qb6
$132) (31. a5 $5 b4 (31... Qb4 32. Qd3 Qxa5 33. Nxd5 $16) 32. Ng4 Nc3 $132 33.
Nf6+ Kg7 34. Rxc3 bxc3 35. Nxd5) 31... Qb4 32. Qd3 bxa4 33. bxa4 Qxa4 34. Rc7
$36 Qb4 (34... Rdd7 $2 35. Rc8+ Nxc8 36. Rxc8+ Kg7 37. Nh6 $18) 35. Bxe4 dxe4
36. Qc3 (36. Qe3 $5 Nb5 37. Rxe7 Qxe7 38. d5 $16) 36... Qxc3 (36... Rxc7 $5 37.
Qxb4 Rxc1+ 38. Kg2 Nc6 (38... Rc2+ $2 39. Kg3 Nc6 40. Nh6+ Kg7 41. Qb3 $18) 39.
Nh6+ Kg7 40. Qb2 (40. Qb7 Rc2+ 41. Kg3 Rf8 $13) 40... Rc4 41. d5+ Nd4 42. Qb7
$1 (42. Qb6 Ne6 $1 43. dxe6 Rd2+ 44. Kh3 Rc3+ 45. Kg4 Rg2+ $10) 42... Rf8 43.
Qe7 Rc2+ 44. Kh3 Rc3+ 45. Kg4 $18) 37. R1xc3 Kf8 38. Rxe7 Kxe7 39. Rc7+ Rd7 40.
Rxd7+ Kxd7 41. Kf2 Ke6 42. Ke3 $18 Nb5 43. Kxe4 f5+ 44. gxf6 Nd6+ 45. Kd3 h5
46. Ne3 Kxf6 47. h4 Nf7 48. d5 Nd6 49. Kd4 Ke7 50. Kc5 Kd7 51. Kd4 Ke7 52. Ke5
(52. f5 $6 gxf5 53. Ke5 f4 54. Kxf4 Kf6) 52... Nf7+ 53. Ke4 $1 Nd6+ 54. Kd4 {
(.)} Kd7 55. f5 $1 gxf5 56. Ke5 Ne4 57. Nxf5 Nf2 58. Ne3 Nh1 59. Kf4 Nf2 60.
Kg5 Kd6 61. Kxh5 Nd3 62. Kg5 1-0

[Event "Odorheiu Secuiesc"]
[Site "Odorheiu Secuiesc"]
[Date "1993.??.??"]
[Round "5"]
[White "Chernin, Alexander"]
[Black "Sax, Gyula"]
[Result "1-0"]
[WhiteElo "2600"]
[BlackElo "2570"]
[Annotator "Dautov,R"]
[PlyCount "93"]
[EventDate "1993.05.??"]
[EventType "tourn"]
[EventRounds "11"]
[EventCountry "ROU"]
[EventCategory "12"]
[SourceTitle "CBM 036"]
[Source "ChessBase"]
[SourceDate "1993.10.01"]
[SourceVersion "1"]
[SourceVersionDate "1993.10.01"]
[SourceQuality "1"]

1. d4 Nf6 2. c4 e6 3. Nf3 b6 4. g3 Ba6 5. b3 Bb4+ 6. Bd2 Be7 7. Bg2 c6 8. Bc3
d5 9. Ne5 Ne4 10. O-O Nxc3 11. Nxc3 O-O 12. Re1 (12. e4 dxc4 13. Nxc4 (13. bxc4
$2 f6) 13... b5 14. Ne3 Nd7 (14... b4 15. Ne2 $14) 15. Qc2 Rc8 16. Rad1 Qb6 (
16... Qa5 $5) 17. h4 Rfd8 18. Bh3 c5 $6 19. d5 Bf6 20. Ne2 c4 21. dxe6 fxe6 22.
Nf4 $14 {Ionov-Vyzmanavin/URS-ch58/1991}) 12... Bb7 (12... f6 $6 13. Nd3 dxc4
14. Nf4 Qd7 15. Bh3 f5 16. e4 $36) 13. e4 dxc4 14. bxc4 (14. Nxc4 b5 15. Ne3
Bb4 16. Qc2 Qa5 17. Rac1 Nd7 $132) 14... c5 $6 {N} (14... Qd6 15. Nf3 Nd7 16.
e5 Qb4 17. Qd3 Rad8 18. a3 Qa5 19. Qc2 Ba8 20. Nd2 f6 {Vyzmanavin-Bareev/Lvov
zt/1990} 21. f4 $1 fxe5 22. fxe5 $16) (14... Nd7 {>=} 15. Nf3 Qc7 16. Qb3 $5 (
16. e5 Bb4 17. Rc1 Rfe8 {/\c5} 18. Re3 Rad8 $132) 16... e5 17. d5 Nc5 18. Qc2
$14) 15. d5 exd5 (15... Bf6 $2 16. Nxf7 $1 $16 {Vyzmanavin} Rxf7 17. e5 Bg5 18.
f4 exd5 19. e6 Re7 20. Nxd5) 16. exd5 (16. Nxd5 Bf6 17. Nxf6+ Qxf6 18. f4 Rd8
19. Qc2 Nc6 20. Nxc6 Qxc6 $10) 16... Bf6 17. f4 Re8 {/\Nd7} (17... Nd7 $6 18.
Nb5 $1 $16) 18. Qh5 $1 (18. Bh3 $5 Bc8 19. Bxc8 Qxc8 20. Qh5 g6 21. Qf3 Nd7 22.
Nc6 Qa6 $13) 18... g6 19. Qf3 {><f6} Nd7 20. Nc6 Bd4+ (20... Bxc6 21. dxc6 Bd4+
22. Kh1 Nf6 23. Rad1 $16) (20... Qc8 21. Rad1 Ba6 22. d6 $16) (20... Rxe1+ 21.
Rxe1 Qf8 22. Bh3 Bd4+ 23. Kg2 Re8 24. Rxe8 Qxe8 25. Nb5 $16) 21. Nxd4 (21. Kh1
$6 Qf6 22. Nxd4 Qxd4 $132) 21... cxd4 22. Nb5 $16 Rxe1+ 23. Rxe1 Qf8 (23... Ba6
$2 24. Nxd4 Bxc4 25. d6 Rc8 26. Nc6 Qf8 27. Ne7+ $18) 24. Qd3 (24. Nxd4 $2 Qc5
25. Qd3 Ba6 $132) 24... Qb4 25. Rb1 Qa5 26. Qxd4 Re8 (26... Qxa2 27. Ra1 Qe2
28. Rxa7 Rxa7 29. Nxa7 Qe1+ 30. Bf1 $16) 27. Nc3 Ba6 28. d6 Qc5 29. Qxc5 Nxc5
30. Nb5 Rd8 31. Rd1 Bxb5 (31... f5 32. Nxa7 Bxc4 33. Nc6 $18) 32. cxb5 f5 33.
Bc6 Kf7 34. d7 Ke6 35. Re1+ Kd6 36. Re8 Kc7 37. Re7 $18 Nd3 (37... h5 38. Rg7
Nxd7 39. Rxg6 $18) 38. Rxh7 Nb4 39. Rg7 Nxc6 40. bxc6 Kxc6 41. Rxg6+ Kc5 42.
Rf6 Kb4 43. Rd6 Ka3 44. Rd2 b5 45. h4 a5 46. h5 b4 47. h6 1-0

[Event "Linares 11th"]
[Site "Linares"]
[Date "1993.??.??"]
[Round "11"]
[White "Salov, Valery"]
[Black "Timman, Jan H"]
[Result "1/2-1/2"]
[WhiteElo "2660"]
[BlackElo "2635"]
[Annotator "Dautov,R"]
[PlyCount "54"]
[EventDate "1993.02.??"]
[EventType "tourn"]
[EventRounds "13"]
[EventCountry "ESP"]
[EventCategory "18"]
[SourceTitle "CBM 034"]
[Source "ChessBase"]
[SourceDate "1993.06.01"]
[SourceVersion "1"]
[SourceVersionDate "1993.06.01"]
[SourceQuality "1"]

1. d4 Nf6 2. c4 e6 3. Nf3 b6 4. g3 Ba6 5. b3 Bb4+ 6. Bd2 Be7 7. Bg2 c6 8. Bc3
d5 9. Nbd2 Nbd7 10. O-O O-O 11. Re1 c5 12. e4 dxc4 13. bxc4 cxd4 14. Nxd4 Ne5
15. Nxe6 fxe6 16. Bxe5 Bc5 (16... Bb4 $6 17. Bf4 e5 18. Be3 Qe7 19. Qa4 $16 {
Gruen,G-Scheeren,P Plovdiv EUchT 1983}) 17. Rf1 (17. Nf3 Qe7 (17... Bxc4 $5 18.
Bd4 Bb4 19. e5 $13) 18. Bd4 Bb4 19. e5 Ng4 20. Re4 Nh6 21. a3 Ba5 22. Bb2 Rac8
23. Rc1 Bb7 24. Rd4 Bc6 $14 {Kortschnoi,V-Tal,M URS 1972}) 17... Qd3 (17... Rc8
$6 18. Rc1 b5 19. Nb3 Ba3 20. c5 Bxc1 21. Qxc1 Bb7 22. Rd1 Qe8 23. f3 Qh5 24.
Bd6 $16 {Eingorn,V-Lerner,K URS-ch 1984}) 18. Bxf6 (18. Nb3 Qxd1 19. Raxd1 Bxc4
20. Nxc5 Bxf1 21. Rxf1 bxc5 22. Bd6 Rfc8 23. e5 Nd5 24. f4 g6 25. g4 c4 26. f5
gxf5 27. gxf5 Ne3 28. Bxa8 Rxa8 $10 {Salov,V-Olafsson,H Wijk 1991}) 18... Rxf6
19. Nb3 Qxd1 {N} (19... Rd8 20. Nxc5 bxc5 21. e5 Rff8 (21... Rf7 22. Be4 $1 $14
) 22. Qxd3 Rxd3 23. Rfc1 Rd2 24. Bh3 $14) 20. Raxd1 Rc8 $1 $10 21. Nxc5 (21.
Rc1 Ba3 22. Rc2 Rxc4 23. Rxc4 Bxc4 24. Rd1 $10) (21. Nd2 $2 Rcf8 $17) 21...
Rxc5 22. Rd7 Rf7 23. Rd8+ Rf8 24. Rfd1 Bxc4 25. R8d7 Rf7 26. Rd8+ (26. Rxf7
Kxf7 27. Rd7+ Kf8 28. Rxa7 Bb5 29. f4 (29. h3 Rc1+ 30. Kh2 Rc2 31. Kg1 Rc1+ $10
) 29... Rc1+ 30. Kf2 Rc2+ 31. Kf3 Be2+ 32. Ke3 Bc4 $10) 26... Rf8 27. R8d7 Rf7
1/2-1/2

[Event "Reggio Emilia 9495 37th"]
[Site "Reggio Emilia"]
[Date "1994.??.??"]
[Round "11"]
[White "Epishin, Vladimir"]
[Black "Belotti, Bruno"]
[Result "1-0"]
[WhiteElo "2650"]
[BlackElo "2455"]
[Annotator "Dautov,R"]
[PlyCount "81"]
[EventDate "1994.12.??"]
[EventType "tourn"]
[EventRounds "11"]
[EventCountry "ITA"]
[EventCategory "10"]
[SourceTitle "CBM 045"]
[Source "ChessBase"]
[SourceDate "1995.04.01"]
[SourceVersion "1"]
[SourceVersionDate "1995.04.01"]
[SourceQuality "1"]

1. d4 Nf6 2. Nf3 b6 3. c4 e6 4. g3 Ba6 5. b3 Bb4+ 6. Bd2 Be7 7. Bg2 c6 8. Bc3
d5 9. Ne5 Nfd7 10. Nxd7 Nxd7 11. Nd2 O-O 12. O-O b5 $6 13. c5 e5 14. dxe5 $1 (
14. b4 e4 15. Nxe4 $5 dxe4 16. Bxe4 Qc7 17. Bg2 $44) 14... Bxc5 {N} (14... Nxc5
15. Rc1 Bb7 16. Bb2 a5 (16... Ne6 17. e4 d4 18. f4 $36) 17. f4 a4 $6 (17... f5)
18. f5 Bg5 19. Bd4 Nd7 20. b4 Re8 21. Nf3 $1 Bxc1 22. Qxc1 $18 {Polgar,Zsu-Sax/
Ungarn ch/1991}) 15. Nf3 (15. b4 $2 d4 16. bxc5 (16. Bb2 Bxb4 17. Bxd4 (17.
Bxc6 Rc8 18. Bxd7 Qxd7 19. Nf3 d3 $1 $13) 17... Nxe5 18. Bxe5 Qxd2 $10) 16...
dxc3 17. Ne4 Nxe5 $13) 15... Re8 (15... b4 16. Bb2 Qb6 17. Qc2 Be7 18. Rfd1
Rfd8 19. Rac1 Bb7 20. e4 $16) 16. Qc2 b4 (16... Qb6 17. b4 Be7 18. Rfd1 Bb7 19.
Bh3 Nf8 20. Bd4 $16) 17. Bb2 Bb5 (17... Bb7 18. Rfd1 Qb6 19. e3 $16 {/\Rac1,Bd4
} (19. e4 Rad8 20. exd5 cxd5 21. Rac1 $14)) 18. Rfd1 Qb6 19. e3 $16 Rad8 20.
Bh3 $1 (20. Rac1 Bf8 21. Ng5 $2 g6) 20... Be7 (20... Bf8 21. Ng5 g6 22. e6 $18)
21. Rac1 (21. e6 $5 Nf8 (21... fxe6 22. Bxe6+ Kh8 23. Qf5 $40) 22. exf7+ Kxf7
23. Qf5+ Kg8 24. Ng5 Bxg5 25. Qxg5 Qc7 26. Rac1 $16) 21... Nf8 22. Nd4 c5 23.
Nxb5 Qxb5 24. Bg2 $18 c4 (24... Qb7 25. Qd3) 25. Rxd5 $1 cxb3 26. Qxb3 Qa6 27.
Rxd8 Rxd8 28. Bd5 Ne6 29. Bd4 (29. e4 $5 $18) 29... Kf8 (29... Nxd4 30. exd4
Kf8 31. Qf3 f6 32. Rc6 $18) 30. Bxe6 fxe6 31. Qc2 (31. Rc7 Rc8 32. Rxc8+ Qxc8
33. Bxa7 $18) 31... g6 32. h4 Kf7 33. h5 (33. Qc7 Qxa2 34. Bc5 Re8 35. Rd1 $18)
33... Rd5 34. Qe4 Rd7 35. Rc2 Qb7 36. Qf4+ Kg7 37. Qg4 Kf7 38. hxg6+ hxg6 39.
Qh3 Qe4 $2 (39... Bf8 $142) 40. Qh7+ Kf8 41. Rc8+ 1-0

[Event "Graz zt"]
[Site "Graz"]
[Date "1993.??.??"]
[Round "7"]
[White "Lobron, Eric"]
[Black "Schlosser, Philipp"]
[Result "1-0"]
[WhiteElo "2620"]
[BlackElo "2520"]
[Annotator "Dautov,R"]
[PlyCount "65"]
[EventDate "1993.03.??"]
[EventType "tourn"]
[EventRounds "13"]
[EventCountry "AUT"]
[EventCategory "8"]
[SourceTitle "CBM 035"]
[Source "ChessBase"]
[SourceDate "1993.08.01"]
[SourceVersion "1"]
[SourceVersionDate "1993.08.01"]
[SourceQuality "1"]

1. d4 {Hansen,Cu Ftacnik} Nf6 2. c4 e6 3. Nf3 b6 4. g3 Bb4+ 5. Bd2 a5 6. Bg2
O-O 7. a3 {N} (7. O-O Ba6 8. Ne5 Ra7 9. Bxb4 axb4 10. a3 d6 11. axb4 dxe5 12.
dxe5 Ng4 13. b5 Nxe5 14. Qxd8 Rxd8 15. b3 c6 (15... Kf8 $142) 16. bxa6 Rxa6 17.
Nc3 Rc8 18. h3 Kf8 19. f4 Ned7 20. b4 Ke7 21. Kf2 Rc7 22. Ke3 Rca7 23. Rxa6
Rxa6 24. Kd2 c5 25. b5 Ra7 26. Kc2 h6 27. Kb3 g5 28. Na4 $14 {Zueger-Schlosser/
Mitropa Cup/1993}) (7. Ne5 {Hansen,Cu} Ra7 8. O-O (8. d5 Ba6 9. Bxb4 axb4 10.
Nd2 Qe7 11. dxe6 dxe6 12. O-O c5 $10 {Wegner,H-Wirthensohn,H/Hamburg SKA/1991/}
) (8. Bxb4 axb4 9. a3 d6 10. Nd3 c5 $10 {Petran,P-Schlosser,P/Elekes Budapest/
1992/}) 8... d6 9. Nd3 Bxd2 (9... c5 10. dxc5 Bxc5 11. Nc3 Bb7 12. Bg5 $14 {
Nikolic,P-Lobron,E/SWIFT Rapid/1992/}) 10. Qxd2 Bb7 11. Nc3 Bxg2 12. Kxg2 c5
13. Ne1 cxd4 14. Qxd4 Nc6 15. Qd2 Rd7 16. Nf3 d5 $10 {Agzamov,G-Yusupov,A/USSR/
1981/}) 7... Be7 (7... Bxd2+ {Ftacnik} 8. Nfxd2 $1 d5 9. Nc3 $14 {Yusupov,
A-Lobron,E/BL 9293/1993/} (9. Nc3 {Hansen,Cu} c5 10. dxc5 bxc5 11. O-O Bb7 12.
cxd5 exd5 13. e4 d4 14. Na4 Na6 15. Rc1 $14 {Gruen,P-Lobron,E/BL/1992/})) 8.
Nc3 $1 (8. O-O Ba6 9. Qc2 c5 $132) 8... Ba6 9. Ne5 c6 (9... d5 10. cxd5 exd5
11. O-O $16) (9... Ra7 10. Nb5 $5 (10. Qb3 d6 (10... c5 11. dxc5 bxc5 12. Nb5
Bxb5 13. Qxb5 $16) 11. Nc6 Nxc6 12. Bxc6 Bb7 13. Bxb7 Rxb7 14. e4 c6 15. O-O
$14) 10... Bxb5 11. cxb5 d5 12. O-O Nfd7 13. Nc6 Nxc6 14. bxc6 Nf6 15. Qc2 $14)
10. O-O d5 11. cxd5 (11. Qb3 {Ftacnik} dxc4 12. Nxc4 a4 $1) (11. Qa4 {Ftacnik}
Nfd7 $1) 11... cxd5 12. Rc1 (12. Re1 $142 Nfd7 (12... b5 13. b4 $1 $14) 13.
Nxd7 Nxd7 (13... Qxd7 14. e4 dxe4 15. Bxe4 Bb7 16. Qf3 Bxe4 17. Qxe4 Nc6 18. d5
exd5 19. Nxd5 $14) 14. e4 dxe4 15. Bxe4 Rc8 16. Bg2 Nf6 17. Bf4 $14) 12... b5
$5 (12... Nfd7 $1 13. f4 (13. Nxd7 Qxd7 (13... Nxd7 14. Re1 Nf6 $10) 14. Re1
Nc6 $10) (13. Nd3 $5 {Ftacnik} Bxd3 14. exd3 Nf6 $1 {/\ Ne8-d6}) 13... Nxe5 14.
fxe5 Qd7 $10 {/\Nc6}) 13. b4 $1 (13. Nd3 $2 b4 14. axb4 Bxd3 15. exd3 Bxb4 $15)
13... Qb6 (13... axb4 14. axb4 Nfd7 (14... Bxb4 $2 15. Nxd5 Bxd2 16. Nxf6+ gxf6
17. Qxd2 $16) (14... Nbd7 15. Nc6 Qe8 16. e4 $1 dxe4 17. Nxe4 Nxe4 18. Bxe4 Rc8
19. Qe2 Nf6 (19... Nb6 20. Ra1 Bb7 21. Nxe7+ Qxe7 22. Ra7 $16) 20. Bg2 $16 {
/\Ra1,><b5}) 15. Nd3 Nb6 (15... Nc6 $2 16. Nxd5) 16. Nc5 Nc4 17. Ra1 Bxc5 18.
dxc5 (18. bxc5 Nc6 $132 {/\b4}) 18... Nc6 19. Rb1 $16) 14. e3 axb4 15. axb4 Rc8
$1 (15... Nbd7 16. Nd3 $1 Ne8 17. Nc5 Ndf6 18. f3 {/\e4} Rd8 19. Ra1 Bb7 20.
Ra5 Nd6 21. Qe2 $16) (15... Bxb4 {Hansen,Cu} 16. Nxd5 $16) 16. Ne2 (16. Nd3 Nc6
17. Qb3 Ne8 18. Nc5 Nd6 $10) 16... Nbd7 $6 (16... Nc6 $1 17. Nxc6 (17. Nd3 Ne8
18. e4 dxe4 19. Bxe4 Nf6 20. Bg2 Nd5 21. Bxd5 exd5 22. Nc5 Bb7 $13) (17. Nd3
$16 {Hansen,Cu}) 17... Rxc6 18. Rxc6 Qxc6 19. Nf4 Ne4 20. Nd3 Nd6 21. Nc5 Bb7
$10) (16... Ne4 $13 {Ftacnik}) 17. Nd3 Ne4 (17... Rc4 $142 18. Nc5 Bb7 19. Nc3
{/\Qb3,Ra1} Ra3 20. Rc2 $14) 18. Nc5 Ndf6 19. f3 Nd6 (19... Nxd2 {Ftacnik} 20.
Qxd2 Bb7 $14) 20. e4 $14 dxe4 (20... Nc4 21. e5 Ne8 22. f4 $40) 21. fxe4 Nc4
22. e5 Nd5 23. Bxd5 $1 exd5 24. Nf4 Bb7 $6 (24... Bxc5 $1 25. bxc5 Qc6 26. Rf2
(26. Rc2 $2 b4 $1 $15) 26... Bb7 $132 {<->a}) 25. Rc2 Ra3 (25... Bxc5 $142) 26.
Qg4 $16 Rca8 27. Bc1 (27. Nh5 $5 {Hansen,Cu} Qg6 (27... g6 $2 28. Nf6+ Bxf6 29.
Rxf6 $16) 28. Qxg6 hxg6 29. Na6 R8xa6 30. Nf4 $16) 27... Ra1 28. Rcf2 Bxc5 29.
bxc5 Qh6 30. e6 $18 fxe6 (30... Rf8 31. e7 Re8 32. Nxd5 Rxc1 33. Nf6+ $18) 31.
Qxe6+ Qxe6 32. Nxe6 h6 33. Rf7 (33. Rf7 {Ftacnik} Rxc1 34. Rxg7+ Kh8 35. Rxc1
$18) 1-0